[Event "Druga liga CS - Zapad 2018"]
[Site "?"]
[Date "2018.09.09"]
[Round "4.1"]
[White "Kolognat, Petar"]
[Black "Jovanovic, Bojan V"]
[Result "0-1"]
[WhiteElo "2329"]
[BlackElo "2277"]
[PlyCount "104"]
[EventDate "2018.09.07"]
[WhiteTeam "KRUPANJSKI SK - Krupanj"]
[BlackTeam "SMEDEREVSKI SK - Smederevo"]

1. d4 Nf6 2. Nc3 d5 3. Bg5 Bf5 4. Qd2 Ne4 5. Nxe4 Bxe4 6. f3 Bg6 7. e3 f6 8.
Bh4 c6 9. Bd3 Bxd3 10. Qxd3 e6 11. Ne2 Bd6 12. e4 Nd7 13. O-O Qb6 14. Kh1 Qc7
15. Bg3 Bxg3 16. Nxg3 O-O 17. c4 dxe4 18. fxe4 c5 19. d5 Rfd8 20. Rad1 Ne5 21.
Qe2 Qf7 22. Nh5 Ng6 23. b3 exd5 24. exd5 Re8 25. Qf2 b6 26. Rde1 Rxe1 27. Rxe1
Re8 28. Re3 Qd7 29. Nf4 Nf8 30. h3 Rxe3 31. Qxe3 Kf7 32. Nd3 Qd6 33. Kg1 Ng6
34. Kf2 Ne7 35. Qf4 Qxf4+ 36. Nxf4 Nc8 37. Ke3 f5 38. Ne6 Kf6 39. Kf4 h6 40. h4
g6 41. g4 fxg4 42. Kxg4 Nd6 43. a3 Ne4 44. b4 Nd6 45. bxc5 bxc5 46. Nxc5 Nxc4
47. Kf4 Nxa3 48. d6 Nc4 49. d7 Ke7 50. Ne6 Kxd7 51. Nf8+ Ke8 52. Nxg6 a5 0-1

[Event "Druga liga CS - Zapad 2018"]
[Site "?"]
[Date "2018.09.09"]
[Round "4.1"]
[White "Skakic, Zeljko"]
[Black "Begus, Drasko"]
[Result "0-1"]
[WhiteElo "2249"]
[BlackElo "2269"]
[PlyCount "64"]
[EventDate "2018.09.07"]
[WhiteTeam "SMEDEREVSKI SK - Smederevo"]
[BlackTeam "KRUPANJSKI SK - Krupanj"]

1. d4 Nf6 2. c4 d6 3. Nc3 Bf5 4. f3 e5 5. dxe5 dxe5 6. Qxd8+ Kxd8 7. e4 Be6 8.
Be3 c6 9. O-O-O+ Kc7 10. g3 Na6 11. Nh3 Bc5 12. Bxc5 Nxc5 13. Nf2 a5 14. Be2
Nfd7 15. f4 f6 16. f5 Bf7 17. b3 Na6 18. Kb2 Ndc5 19. Nd3 Rhd8 20. Nxc5 Nxc5
21. Rxd8 Rxd8 22. Rd1 Rd4 23. a3 b5 24. cxb5 Bxb3 25. Rxd4 exd4 26. Nb1 Ba4 27.
Nd2 cxb5 28. Bf1 Kd6 29. Nf3 d3 30. Kc3 Bc2 31. Nd4 b4+ 32. axb4 axb4+ 0-1

[Event "Druga liga CS - Zapad 2018"]
[Site "?"]
[Date "2018.09.09"]
[Round "4.1"]
[White "Ljubinkovic, Miodrag"]
[Black "Stankovic, Dragan B"]
[Result "1-0"]
[WhiteElo "2222"]
[BlackElo "2229"]
[PlyCount "51"]
[EventDate "2018.09.07"]
[WhiteTeam "KRUPANJSKI SK - Krupanj"]
[BlackTeam "SMEDEREVSKI SK - Smederevo"]

1. d4 Nf6 2. Nf3 c5 3. c3 e6 4. e3 d5 5. Nbd2 Bd6 6. Bd3 O-O 7. e4 dxe4 8. Nxe4
Nxe4 9. Bxe4 f5 10. Bc2 cxd4 11. cxd4 Bb4+ 12. Bd2 Nc6 13. Bxb4 Nxb4 14. Bb3
Nd5 15. O-O b6 16. Re1 Rf6 17. Qd2 Bb7 18. Re5 h6 19. Rae1 Qd6 20. h4 Nc7 21.
Qe3 Re8 22. h5 Bxf3 23. gxf3 Kh7 24. d5 g6 25. dxe6 gxh5 26. Rd1 1-0

[Event "Druga liga CS - Zapad 2018"]
[Site "?"]
[Date "2018.09.09"]
[Round "4.1"]
[White "Tomic, Slobodan"]
[Black "Nedeljkovic, Milivoje"]
[Result "1/2-1/2"]
[WhiteElo "1964"]
[BlackElo "2027"]
[PlyCount "24"]
[EventDate "2018.09.07"]
[WhiteTeam "SMEDEREVSKI SK - Smederevo"]
[BlackTeam "KRUPANJSKI SK - Krupanj"]

1. e4 c5 2. Nf3 Nc6 3. c4 d6 4. h3 Nf6 5. Nc3 g6 6. d4 cxd4 7. Nxd4 Bg7 8. Be3
O-O 9. Be2 Bd7 10. O-O Rc8 11. Rc1 a6 12. b3 e6 1/2-1/2

[Event "Druga liga CS - Zapad 2018"]
[Site "?"]
[Date "2018.09.09"]
[Round "4.1"]
[White "Radovanovic, Zoran S"]
[Black "Isak, Igor G"]
[Result "1/2-1/2"]
[WhiteElo "1919"]
[BlackElo "2004"]
[PlyCount "21"]
[EventDate "2018.09.07"]
[WhiteTeam "KRUPANJSKI SK - Krupanj"]
[BlackTeam "SMEDEREVSKI SK - Smederevo"]

1. e4 c5 2. Nf3 d6 3. d4 cxd4 4. Nxd4 Nf6 5. Nc3 a6 6. Be2 e6 7. O-O Be7 8. Be3
Qc7 9. f4 Nc6 10. Bf3 Bd7 11. Qe1 1/2-1/2

[Event "Druga liga CS - Zapad 2018"]
[Site "?"]
[Date "2018.09.09"]
[Round "4.1"]
[White "Mijatovic, Pavle"]
[Black "Sujdovic, Ivan"]
[Result "1/2-1/2"]
[WhiteElo "2029"]
[BlackElo "1792"]
[PlyCount "21"]
[EventDate "2018.09.07"]
[WhiteTeam "SMEDEREVSKI SK - Smederevo"]
[BlackTeam "KRUPANJSKI SK - Krupanj"]

1. e4 e5 2. Nf3 Nc6 3. Bc4 Bc5 4. Nc3 Nf6 5. d3 h6 6. Be3 Bxe3 7. fxe3 d6 8.
Qd2 O-O 9. O-O-O a6 10. h3 b5 11. Bb3 1/2-1/2

[Event "Druga liga CS - Zapad 2018"]
[Site "?"]
[Date "2018.09.09"]
[Round "4.2"]
[White "Stojanovic, Marko"]
[Black "Dimitrijevic, Milorad"]
[Result "0-1"]
[WhiteElo "2263"]
[BlackElo "2229"]
[PlyCount "112"]
[EventDate "2018.09.07"]
[WhiteTeam "SLOGA - Lipnicki sor"]
[BlackTeam "BAJINA BASTA - Bajina basta"]

1. e4 e5 2. Nf3 Nc6 3. Bb5 a6 4. Ba4 Nf6 5. O-O b5 6. Bb3 Be7 7. d3 d6 8. h3
Na5 9. c3 Nxb3 10. axb3 c5 11. c4 Bd7 12. Nh2 O-O 13. f4 exf4 14. Bxf4 Ne8 15.
Nc3 Nc7 16. Nd5 Nxd5 17. exd5 Qb6 18. Bd2 f5 19. Nf3 h6 20. Ba5 Qb7 21. Bc3
Rae8 22. d4 Rc8 23. dxc5 Rxc5 24. Qd3 Rcc8 25. Nd4 Bf6 26. Nxf5 Bxf5 27. Rxf5
Bxc3 28. Rxf8+ Rxf8 29. Qxc3 Qb6+ 30. Kh1 Rf4 31. Qd3 bxc4 32. bxc4 Qxb2 33.
Rxa6 Qc1+ 34. Kh2 Qxc4 35. Ra8+ Kf7 36. Ra7+ Kf6 37. Qh7 Rg4 38. hxg4 Qf4+ 39.
Kh3 Qe3+ 40. Kh4 Qe1+ 41. Kh3 Qe3+ 42. Kh2 Qe5+ 43. Kh3 Qe3+ 44. g3 Qxa7 45.
Qf5+ Ke7 46. Qe6+ Kf8 47. Qxd6+ Qe7 48. Qb8+ Kf7 49. Qf4+ Ke8 50. Qf5 Qd6 51.
g5 hxg5 52. Qxg5 g6 53. Kh4 Qb4+ 54. Kh3 Qe4 55. Qd2 Qh1+ 56. Kg4 Qh5+ 0-1

[Event "Druga liga CS - Zapad 2018"]
[Site "?"]
[Date "2018.09.09"]
[Round "4.2"]
[White "Milosevic, Zoran"]
[Black "Ilic, Zdravko"]
[Result "1-0"]
[WhiteElo "2223"]
[BlackElo "2163"]
[PlyCount "125"]
[EventDate "2018.09.07"]
[WhiteTeam "BAJINA BASTA - Bajina basta"]
[BlackTeam "SLOGA - Lipnicki sor"]

1. d4 Nf6 2. Nf3 c5 3. c4 d6 4. Nc3 cxd4 5. Nxd4 g6 6. g3 Nc6 7. Bg2 Bd7 8. O-O
Bg7 9. b3 O-O 10. Bb2 a6 11. Rc1 Rc8 12. Nd5 Nxd5 13. Nxc6 bxc6 14. Bxg7 Ne3
15. Qd3 Kxg7 16. Qxe3 Re8 17. h4 Qa5 18. Rc2 h5 19. Qd4+ Kg8 20. e4 c5 21. Qe3
Kg7 22. e5 dxe5 23. Qxe5+ Kg8 24. Rd1 Bg4 25. f3 Bf5 26. Rcd2 Qb6 27. Kh2 a5
28. Bh3 Bxh3 29. Kxh3 Rc6 30. Rd5 Re6 31. Qg5 Re2 32. R1d2 Qe6+ 33. g4 Rxd2 34.
Qxd2 hxg4+ 35. fxg4 Rc8 36. h5 Qf6 37. hxg6 fxg6 38. Qe2 Kg7 39. g5 Qf7 40. Re5
Rc7 41. Kg3 Kg8 42. Qd2 Rc8 43. Qd7 Rf8 44. Qe6 Qxe6 45. Rxe6 Kf7 46. Ra6 Rc8
47. Kf4 Rd8 48. Rxa5 Rd2 49. Rxc5 Rxa2 50. b4 Rf2+ 51. Ke4 Re2+ 52. Kd3 Rb2 53.
b5 Ke6 54. Rd5 Rb1 55. Kd4 Rf1 56. b6 Rb1 57. Kc5 Rb2 58. Kc6 Rb4 59. b7 Rxc4+
60. Rc5 Rb4 61. Rb5 Rxb5 62. Kxb5 Kf5 63. b8=Q 1-0

[Event "Druga liga CS - Zapad 2018"]
[Site "?"]
[Date "2018.09.09"]
[Round "4.2"]
[White "Savic, Petar A"]
[Black "Kurcubic, Jelenko"]
[Result "0-1"]
[WhiteElo "2104"]
[BlackElo "2094"]
[PlyCount "126"]
[EventDate "2018.09.07"]
[WhiteTeam "SLOGA - Lipnicki sor"]
[BlackTeam "BAJINA BASTA - Bajina basta"]

1. d4 d5 2. Nf3 Nf6 3. e3 e6 4. Bd3 Nbd7 5. c4 c6 6. Nc3 Bd6 7. Qc2 O-O 8. Bd2
e5 9. dxe5 Nxe5 10. Nxe5 Bxe5 11. O-O-O Be6 12. cxd5 cxd5 13. f4 Bd6 14. Kb1
Rc8 15. h3 a6 16. g4 b5 17. g5 Ne4 18. Bxe4 dxe4 19. Qxe4 b4 20. f5 Bd7 21. Nd5
Qxg5 22. Qd3 Bb5 23. Qe4 Rc4 24. Qf3 Re8 25. Rhg1 Qh4 26. b3 Rce4 27. Bc1 Be5
28. f6 g6 29. Ne7+ Kf8 30. Bb2 Bxb2 31. Kxb2 Re6 32. Nd5 Bc6 33. Rg4 Bxd5 34.
Rxd5 Qe1 35. Qf4 Qc3+ 36. Kb1 Rxf6 37. Qxb4+ Qxb4 38. Rxb4 Rxe3 39. Kb2 Rf2+
40. Ka3 Ree2 41. Rb8+ Kg7 42. Kb4 Rxa2 43. Rd4 a5+ 44. Kb5 Rf5+ 45. Kc6 Rc2+
46. Rc4 Re2 47. Rc5 Re6+ 48. Kb5 Rf3 49. Kxa5 Rxh3 50. b4 Ra3+ 51. Kb5 h5 52.
Rc4 g5 53. Rd8 Ra7 54. Rc5 Rg6 55. Rdd5 Kh6 56. Rc8 h4 57. Kc5 Ra2 58. Rh8+ Kg7
59. Rdd8 Rc2+ 60. Kb5 Re6 61. Rdg8+ Kf6 62. Rh6+ Kf5 63. Rh7 f6 0-1

[Event "Druga liga CS - Zapad 2018"]
[Site "?"]
[Date "2018.09.09"]
[Round "4.2"]
[White "Minic, Miroslav"]
[Black "Rikalovic, Milan"]
[Result "1-0"]
[WhiteElo "2078"]
[BlackElo "2047"]
[PlyCount "69"]
[EventDate "2018.09.07"]
[WhiteTeam "BAJINA BASTA - Bajina basta"]
[BlackTeam "SLOGA - Lipnicki sor"]

1. e4 e6 2. d3 d5 3. Nd2 Nf6 4. g3 dxe4 5. dxe4 e5 6. Bg2 Nc6 7. Ngf3 Bc5 8.
O-O O-O 9. c3 a6 10. Qe2 Qe7 11. Nc4 b5 12. Ne3 Bxe3 13. Qxe3 h6 14. b3 Be6 15.
Bb2 Rfd8 16. Rfd1 Rxd1+ 17. Rxd1 Rd8 18. Rd2 Rxd2 19. Nxd2 Nd7 20. Nf1 f6 21.
Qe2 Qc5 22. Ne3 Ne7 23. Qd2 Nc6 24. Bf1 Nb6 25. Qd3 Qd6 26. Qxd6 cxd6 27. Ba3
Nc8 28. Nd5 Bxd5 29. exd5 Na5 30. Bh3 f5 31. Bxf5 Ne7 32. Be6+ Kf8 33. Bxd6 Nb7
34. Bxe5 Nd8 35. Bd6 1-0

[Event "Druga liga CS - Zapad 2018"]
[Site "?"]
[Date "2018.09.09"]
[Round "4.2"]
[White "Jakovljevic, Ljubomir"]
[Black "Jelisavcic, Srdjan"]
[Result "0-1"]
[WhiteElo "1905"]
[BlackElo "2077"]
[PlyCount "48"]
[EventDate "2018.09.07"]
[WhiteTeam "SLOGA - Lipnicki sor"]
[BlackTeam "BAJINA BASTA - Bajina basta"]

1. e4 e5 2. Nf3 Nc6 3. c3 d5 4. Qc2 dxe4 5. Qxe4 f5 6. Qa4 Bd6 7. Bb5 Bd7 8. d3
a6 9. Bxc6 Bxc6 10. Qd1 Nf6 11. Bg5 h6 12. Bxf6 Qxf6 13. O-O O-O-O 14. Nbd2 g5
15. b4 g4 16. Ne1 Qh4 17. g3 Qg5 18. a4 h5 19. Nc4 h4 20. f4 exf4 21. Nxd6+
Rxd6 22. b5 Be4 23. gxf4 Qg7 24. Qc2 Bd5 0-1

[Event "Druga liga CS - Zapad 2018"]
[Site "?"]
[Date "2018.09.09"]
[Round "4.2"]
[White "Mijanovic, Dragan"]
[Black "Acimovic, Radivoje"]
[Result "0-1"]
[WhiteElo "2040"]
[BlackElo "1985"]
[PlyCount "112"]
[EventDate "2018.09.07"]
[WhiteTeam "BAJINA BASTA - Bajina basta"]
[BlackTeam "SLOGA - Lipnicki sor"]

1. d4 Nf6 2. Nf3 g6 3. b3 Bg7 4. Bb2 O-O 5. Nbd2 d5 6. e3 b6 7. Be2 Nbd7 8. O-O
c5 9. c4 e6 10. Qc2 Bb7 11. Rfd1 Rc8 12. Rac1 cxd4 13. Bxd4 Re8 14. Qb2 Qe7 15.
Ne5 Nxe5 16. Bxe5 Red8 17. cxd5 Bxd5 18. Ba6 Rxc1 19. Rxc1 Ne8 20. Bxg7 Nxg7
21. Be2 Qd7 22. Nf3 Rc8 23. Rd1 Qe7 24. Ba6 Bxf3 25. gxf3 Rd8 26. Rc1 Qd6 27.
Qc3 Nf5 28. f4 Nh4 29. Be2 Qd5 30. f3 Nxf3+ 31. Bxf3 Qxf3 32. Qe5 h5 33. Qc3 h4
34. Rf1 Qe4 35. Kf2 Rd3 36. Qc1 e5 37. Ke2 Rd8 38. Qc3 Qg2+ 39. Ke1 Qg4 40. Qc2
exf4 41. Rxf4 Qg1+ 42. Ke2 Qxh2+ 43. Rf2 Qg3 44. Qc3 Qg4+ 45. Rf3 h3 46. Qf6
Rd7 47. Qf4 Qg2+ 48. Rf2 Qd5 49. Rh2 Qd1+ 50. Kf2 Rd2+ 51. Kg3 Qg1+ 52. Kxh3
Rxh2+ 53. Qxh2 Qxh2+ 54. Kxh2 Kg7 55. Kg3 Kf6 56. Kf4 Ke6 0-1

[Event "Druga liga CS - Zapad 2018"]
[Site "?"]
[Date "2018.09.09"]
[Round "4.2"]
[White "Glisic, Luka"]
[Black "Djordjevic, Edita"]
[Result "1/2-1/2"]
[WhiteElo "1435"]
[BlackElo "2030"]
[PlyCount "118"]
[EventDate "2018.09.07"]
[WhiteTeam "SLOGA - Lipnicki sor"]
[BlackTeam "BAJINA BASTA - Bajina basta"]

1. d4 d5 2. c4 e6 3. Nc3 Nf6 4. Nf3 h6 5. e3 c5 6. b3 Nc6 7. Bb2 Qa5 8. a3 cxd4
9. Nxd4 Nxd4 10. Qxd4 dxc4 11. Bxc4 Bd7 12. b4 Qg5 13. O-O Bc6 14. f3 a6 15.
Kh1 Rd8 16. Qf4 Qxf4 17. exf4 Rd2 18. Ra2 Bd6 19. g3 Be7 20. b5 axb5 21. Nxb5
O-O 22. Bxf6 Bxf3+ 23. Rxf3 Rd1+ 24. Rf1 Rxf1+ 25. Bxf1 Bxf6 26. a4 g5 27. fxg5
Bxg5 28. Rb2 b6 29. Nd6 Ra8 30. Bb5 Be3 31. Nc4 Bc5 32. Re2 Rd8 33. Ne5 Kg7 34.
Kg2 Rd5 35. Kf3 Bd6 36. Nc4 Bc5 37. g4 Kg6 38. Be8 Bd4 39. Rxe6+ Kg7 40. Re4 f5
41. Re6 fxg4+ 42. Kxg4 Rg5+ 43. Kf3 Bg1 44. h4 Rf5+ 45. Ke4 Rf6 46. Rxf6 Kxf6
47. h5 Ke6 48. a5 bxa5 49. Nxa5 Bb6 50. Nc4 Bd8 51. Ne3 Bg5 52. Bg6 Bxe3 53.
Kxe3 Kf6 54. Kf4 Kg7 55. Ke5 Kf8 56. Kf6 Kg8 57. Bf5 Kh8 58. Kg6 Kg8 59. Kxh6
Kh8 1/2-1/2

[Event "Druga liga CS - Zapad 2018"]
[Site "?"]
[Date "2018.09.09"]
[Round "4.3"]
[White "Tomic, Aleksandar"]
[Black "Vujic, Mihailo"]
[Result "0-1"]
[WhiteElo "2293"]
[BlackElo "2327"]
[PlyCount "70"]
[EventDate "2018.09.07"]
[WhiteTeam "ARANDJELOVACKI SK - Arandjelovac"]
[BlackTeam "LOZNICA GRAD - Loznica"]

1. e4 e5 2. Nf3 Nc6 3. Bb5 f5 4. d4 fxe4 5. Nxe5 Nxe5 6. dxe5 c6 7. Bc4 Qa5+ 8.
Nd2 Qxe5 9. O-O d5 10. Bb3 Nf6 11. Re1 Bd6 12. g3 Bc5 13. Kg2 Ng4 14. Nxe4 dxe4
15. Bf4 Qe7 16. Qd2 e3 17. Qc3 Rf8 18. f3 Rxf4 19. gxf4 Nf6 20. Rxe3 Bxe3 21.
Re1 Kd8 22. Rxe3 Qf8 23. Qe5 Bd7 24. Rd3 Kc8 25. Be6 a5 26. Qf5 Qe7 27. Re3 Kc7
28. Qg5 Bxe6 29. f5 Nd5 30. Qg3+ Qd6 31. Qxg7+ Kb6 32. Rb3+ Kc5 33. Qxb7 Nf4+
34. Kg3 Rg8+ 35. Kh4 Ng2+ 0-1

[Event "Druga liga CS - Zapad 2018"]
[Site "?"]
[Date "2018.09.09"]
[Round "4.3"]
[White "Vlajkovic, Stanko"]
[Black "Ristanovic, Miroslav"]
[Result "1-0"]
[WhiteElo "2224"]
[BlackElo "2199"]
[PlyCount "97"]
[EventDate "2018.09.07"]
[WhiteTeam "ARANDJELOVACKI SK - Arandjelovac"]
[BlackTeam "LOZNICA GRAD - Loznica"]

1. d4 Nf6 2. Nf3 g6 3. Bf4 Bg7 4. e3 O-O 5. Be2 d6 6. O-O Nbd7 7. Nbd2 c5 8. h3
b6 9. c4 Re8 10. Bh2 Bb7 11. d5 b5 12. e4 bxc4 13. Qc2 Nb6 14. Nxc4 Nxc4 15.
Bxc4 Qb6 16. Rad1 Ba6 17. e5 Bxc4 18. Qxc4 dxe5 19. Nxe5 Qb4 20. Qxb4 cxb4 21.
Nc6 a5 22. Rfe1 Bf8 23. Bc7 Rac8 24. Bxa5 Nxd5 25. Rxd5 Rxc6 26. Bxb4 e6 27.
Bxf8 Kxf8 28. Rd2 Ra8 29. a3 Rb6 30. Re3 Rab8 31. b4 Ra8 32. Rc3 Rb7 33. Kf1
Rba7 34. Rdd3 Kg7 35. Ke2 h5 36. Kd2 e5 37. Rb3 e4 38. Rdc3 Rd8+ 39. Ke3 f5 40.
b5 Rb8 41. Rc4 g5 42. a4 Rd7 43. Rd4 Re7 44. b6 f4+ 45. Ke2 Re5 46. Rd7+ Kf8
47. b7 f3+ 48. gxf3 exf3+ 49. Kd3 1-0

[Event "Druga liga CS - Zapad 2018"]
[Site "?"]
[Date "2018.09.09"]
[Round "4.3"]
[White "Markovic, Dragan P"]
[Black "Cirakovic, Ivan"]
[Result "1/2-1/2"]
[WhiteElo "2206"]
[BlackElo "2157"]
[PlyCount "96"]
[EventDate "2018.09.07"]
[WhiteTeam "LOZNICA GRAD - Loznica"]
[BlackTeam "ARANDJELOVACKI SK - Arandjelovac"]

1. e4 c5 2. c3 d5 3. exd5 Qxd5 4. d4 Nc6 5. Be3 cxd4 6. cxd4 e6 7. a3 Nf6 8.
Nc3 Qd8 9. Bc4 Be7 10. Nf3 O-O 11. O-O a6 12. b4 Nd5 13. Nxd5 exd5 14. Be2 Bf6
15. Qb3 Bg4 16. Rfd1 Qd6 17. Rac1 Ne7 18. Rc5 b6 19. Rc3 Nf5 20. Qc2 Nxe3 21.
fxe3 Bd7 22. Bd3 g6 23. e4 dxe4 24. Bxe4 Rac8 25. Rxc8 Rxc8 26. Qd2 Ba4 27. Rf1
Rc4 28. Bd3 Rc7 29. Kh1 b5 30. Rc1 Rxc1+ 31. Qxc1 Bxd4 32. Nxd4 Qxd4 33. Be2
Bb3 34. Bf3 Bc4 35. h3 Kg7 36. Bb7 Qb6 37. Qc3+ Kg8 38. Qf3 a5 39. bxa5 Qxa5
40. Qe3 Qc7 41. Bf3 Qd6 42. Qc3 Qf4 43. Kg1 h5 44. Qe1 Qd4+ 45. Kh1 Kg7 46. Qc1
Kg8 47. Kh2 Qd3 48. Qb2 Bb3 1/2-1/2

[Event "Druga liga CS - Zapad 2018"]
[Site "?"]
[Date "2018.09.09"]
[Round "4.3"]
[White "Lekic, Miodrag"]
[Black "Milovanovic, Nenad"]
[Result "1/2-1/2"]
[WhiteElo "2208"]
[BlackElo "2147"]
[PlyCount "40"]
[EventDate "2018.09.07"]
[WhiteTeam "ARANDJELOVACKI SK - Arandjelovac"]
[BlackTeam "LOZNICA GRAD - Loznica"]

1. d4 Nf6 2. Nf3 d6 3. b3 g6 4. Bb2 Bg7 5. g3 O-O 6. Bg2 c6 7. O-O Bf5 8. h3 d5
9. Nbd2 Be4 10. Nxe4 Nxe4 11. Nd2 f5 12. Nxe4 fxe4 13. f4 Nd7 14. e3 Nf6 15. g4
Qd7 16. g5 Ne8 17. Ba3 Rf7 18. Kh2 Bf8 19. h4 e6 20. Bxf8 Kxf8 1/2-1/2

[Event "Druga liga CS - Zapad 2018"]
[Site "?"]
[Date "2018.09.09"]
[Round "4.3"]
[White "Osatovic, Aleksandar"]
[Black "Ivanovic, Lazar"]
[Result "1-0"]
[WhiteElo "2169"]
[BlackElo "2076"]
[PlyCount "84"]
[EventDate "2018.09.07"]
[WhiteTeam "LOZNICA GRAD - Loznica"]
[BlackTeam "ARANDJELOVACKI SK - Arandjelovac"]

1. d4 Nf6 2. c4 e6 3. Nf3 Bb4+ 4. Bd2 Qe7 5. Qc2 Bxd2+ 6. Nbxd2 d5 7. a3 O-O 8.
e4 dxe4 9. Nxe4 Nbd7 10. Bd3 h6 11. h3 c5 12. O-O cxd4 13. Nxd4 Rd8 14. Rad1
Nc5 15. Nxc5 Qxc5 16. Nf3 Bd7 17. b4 Qc7 18. Rfe1 Rac8 19. Qb3 Be8 20. b5 Nd7
21. Bf1 Nc5 22. Qe3 f6 23. Nd4 Bf7 24. Nc6 Rxd1 25. Rxd1 b6 26. Qd4 Be8 27. Nb4
Bf7 28. Qd6 Qxd6 29. Rxd6 Rc7 30. Rd8+ Kh7 31. Nc6 Bg6 32. Ra8 Rd7 33. Rd8 Rxd8
34. Nxd8 Be4 35. f3 Ba8 36. Kf2 e5 37. a4 Kg6 38. g4 h5 39. Ke3 hxg4 40. hxg4
Kg5 41. Nf7+ Kh4 42. Nd6 Bb7 1-0

[Event "Druga liga CS - Zapad 2018"]
[Site "?"]
[Date "2018.09.09"]
[Round "4.3"]
[White "Lojovic, Matija"]
[Black "Simic, Goran S"]
[Result "1/2-1/2"]
[WhiteElo "2129"]
[BlackElo "2068"]
[PlyCount "38"]
[EventDate "2018.09.07"]
[WhiteTeam "ARANDJELOVACKI SK - Arandjelovac"]
[BlackTeam "LOZNICA GRAD - Loznica"]

1. d4 d5 2. Nf3 Nf6 3. e3 e6 4. Bd3 c5 5. b3 Nc6 6. Bb2 Be7 7. O-O O-O 8. a3
cxd4 9. exd4 b6 10. Nbd2 Bb7 11. Ne5 Nxe5 12. dxe5 Nd7 13. c4 Nc5 14. Bc2 dxc4
15. Nxc4 Qxd1 16. Raxd1 Rfd8 17. Rxd8+ Rxd8 18. Rd1 Rxd1+ 19. Bxd1 Bd5 1/2-1/2

[Event "Druga liga CS - Zapad 2018"]
[Site "?"]
[Date "2018.09.09"]
[Round "4.3"]
[White "Gajic, Aleksandar"]
[Black "Todorovic, Kosta"]
[Result "0-1"]
[WhiteElo "1865"]
[BlackElo "1983"]
[PlyCount "74"]
[EventDate "2018.09.07"]
[WhiteTeam "LOZNICA GRAD - Loznica"]
[BlackTeam "ARANDJELOVACKI SK - Arandjelovac"]

1. c4 Nf6 2. Nc3 e5 3. Nf3 d6 4. d3 Be7 5. g3 c6 6. Bg2 O-O 7. O-O h6 8. h3 Nh7
9. d4 Qc7 10. e4 Nd7 11. Be3 Re8 12. Nh2 Nb6 13. Qb3 exd4 14. Bxd4 Be6 15. Bxb6
axb6 16. a4 Ra5 17. Nf3 Ng5 18. Nxg5 Rxg5 19. Rfc1 Rc5 20. Bf1 Qd7 21. h4 g5
22. hxg5 Bxg5 23. f4 Bf6 24. Rd1 Qc7 25. e5 dxe5 26. Ne4 Bg7 27. Nxc5 bxc5 28.
Qf3 exf4 29. gxf4 Bxb2 30. Rab1 Bd4+ 31. Kh2 Bf5 32. Bd3 Re3 33. Qg2+ Kf8 34.
Bxf5 Qxf4+ 35. Kh1 Qxf5 36. Qd2 Rh3+ 37. Kg2 Qf3# 0-1

[Event "Druga liga CS - Zapad 2018"]
[Site "?"]
[Date "2018.09.09"]
[Round "4.4"]
[White "Misojcic, Miroslav"]
[Black "Jovanovic, Miroslav O"]
[Result "1/2-1/2"]
[WhiteElo "2244"]
[BlackElo "2096"]
[PlyCount "108"]
[EventDate "2018.09.07"]
[WhiteTeam "SLOBODA - Uzice"]
[BlackTeam "ZUPA - Aleksandrovac"]

1. d4 d5 2. c4 c6 3. Nf3 Nf6 4. e3 e6 5. Nc3 Be7 6. Bd3 O-O 7. O-O dxc4 8. Bxc4
c5 9. Qe2 a6 10. Rd1 cxd4 11. exd4 Qc7 12. Ne5 Rd8 13. Bf4 Qb6 14. Na4 Qa5 15.
Nc5 Nd5 16. Bd2 Qb6 17. Qf3 Bf6 18. Ne4 Bxe5 19. dxe5 Qc7 20. Nd6 Nc6 21. Bf4
Nde7 22. Rac1 Ng6 23. Qe3 Nxf4 24. Qxf4 Qe7 25. Bd3 h6 26. h4 a5 27. h5 Nb4 28.
Bc4 Rb8 29. a3 Nd5 30. Bxd5 exd5 31. Rxd5 b6 32. Rd3 Be6 33. Rdc3 Qg5 34. Qxg5
hxg5 35. Ne4 Rd5 36. Nxg5 Rxe5 37. Nxe6 Rxe6 38. Rc8+ Rxc8 39. Rxc8+ Kh7 40.
Rb8 Kh6 41. Rh8+ Kg5 42. Rh7 f6 43. Rxg7+ Kxh5 44. Rb7 Kg5 45. f3 Rc6 46. b4
axb4 47. axb4 Kf4 48. Kh2 f5 49. b5 Rd6 50. Rc7 Rd5 51. Rc4+ Ke3 52. Rb4 Kd3
53. Kg3 Kc3 54. Rb1 Kc2 1/2-1/2

[Event "Druga liga CS - Zapad 2018"]
[Site "?"]
[Date "2018.09.09"]
[Round "4.4"]
[White "Bojovic, Zoran"]
[Black "Zivanic, Slobodan"]
[Result "1/2-1/2"]
[WhiteElo "2087"]
[BlackElo "2068"]
[PlyCount "27"]
[EventDate "2018.09.07"]
[WhiteTeam "ZUPA - Aleksandrovac"]
[BlackTeam "SLOBODA - Uzice"]

1. e4 c5 2. Nf3 e6 3. d4 cxd4 4. Nxd4 Nf6 5. Bd3 Nc6 6. Nxc6 bxc6 7. O-O d5 8.
Bg5 Be7 9. Nd2 O-O 10. Re1 c5 11. c4 dxe4 12. Nxe4 Nxe4 13. Bxe7 Qxe7 14. Bxe4
1/2-1/2

[Event "Druga liga CS - Zapad 2018"]
[Site "?"]
[Date "2018.09.09"]
[Round "4.4"]
[White "Cvijovic, Marko"]
[Black "Djukic, Sasa"]
[Result "1-0"]
[WhiteElo "1654"]
[BlackElo "1993"]
[PlyCount "79"]
[EventDate "2018.09.07"]
[WhiteTeam "SLOBODA - Uzice"]
[BlackTeam "ZUPA - Aleksandrovac"]

1. d4 d5 2. Nf3 Nc6 3. Bf4 Nf6 4. h3 Bf5 5. c3 e6 6. e3 Bd6 7. Ne5 O-O 8. Nxc6
bxc6 9. Bg5 c5 10. Bd3 Bxd3 11. Qxd3 cxd4 12. cxd4 h6 13. Bxf6 Qxf6 14. Nc3 c5
15. dxc5 Bxc5 16. O-O Rfc8 17. a3 Rab8 18. Rac1 Qe7 19. b4 Bb6 20. Qa6 d4 21.
Nd5 Qd8 22. Ne7+ Qxe7 23. Rxc8+ Rxc8 24. Qxc8+ Kh7 25. exd4 Bxd4 26. Qa6 Qf6
27. a4 g5 28. Qd3+ Kg7 29. Qe4 e5 30. b5 h5 31. Qf3 Qg6 32. Rc1 g4 33. hxg4
hxg4 34. Qg3 f5 35. Qh4 Bb6 36. Qe7+ Qf7 37. Qg5+ Qg6 38. Qxg6+ Kxg6 39. Rc6+
Kg5 40. Rxb6 1-0

[Event "Druga liga CS - Zapad 2018"]
[Site "?"]
[Date "2018.09.09"]
[Round "4.4"]
[White "Radenkovic, Aleksa"]
[Black "Vasiljevic, Milan D"]
[Result "1-0"]
[WhiteElo "2004"]
[BlackElo "1661"]
[PlyCount "66"]
[EventDate "2018.09.07"]
[WhiteTeam "ZUPA - Aleksandrovac"]
[BlackTeam "SLOBODA - Uzice"]

1. Nc3 d6 2. e4 Nc6 3. d4 e6 4. Be3 a6 5. Nf3 Nf6 6. h3 g6 7. Qd2 Bg7 8. Be2
O-O 9. Bh6 e5 10. Bxg7 Kxg7 11. O-O-O Bd7 12. g4 Qe7 13. g5 Nh5 14. Nd5 Qd8 15.
dxe5 dxe5 16. Nf6 Be6 17. Nxh5+ gxh5 18. Qc3 Qe7 19. Kb1 Rfd8 20. Nxe5 Bxa2+
21. Kxa2 Qxe5 22. Qxe5+ Nxe5 23. Bxh5 Nc4 24. Be2 Nd2 25. Bd3 Nf3 26. h4 Rd6
27. Rh3 Nd4 28. f4 Rad8 29. Re1 b5 30. f5 c5 31. e5 Rb6 32. c3 Nc6 33. e6 Ne7
1-0

[Event "Druga liga CS - Zapad 2018"]
[Site "?"]
[Date "2018.09.09"]
[Round "4.5"]
[White "Danilovic, Aleksandar"]
[Black "Ninov, Dayan"]
[Result "1-0"]
[WhiteElo "2403"]
[BlackElo "2255"]
[PlyCount "73"]
[EventDate "2018.09.07"]
[WhiteTeam "IVANJICA- Ivanjica"]
[BlackTeam "KRUSEVAC - Krusevac"]

1. e4 c5 2. Nf3 Nc6 3. d4 cxd4 4. Nxd4 Qb6 5. Nb3 Nf6 6. Nc3 e6 7. a3 Be7 8.
Be3 Qc7 9. Be2 a6 10. O-O b5 11. f4 d6 12. Bf3 Bb7 13. Qd2 O-O 14. Rae1 Nd7 15.
Kh1 Nb6 16. Qf2 Nc4 17. Bc1 b4 18. axb4 Nxb4 19. Nd4 Nc6 20. Nxc6 Bxc6 21. b3
Nb6 22. Bb2 Rfe8 23. Qg3 Bf8 24. f5 Nd7 25. Bh5 exf5 26. exf5 Nf6 27. Bf3 Bxf3
28. gxf3 Qc6 29. Ne4 Nxe4 30. Rxe4 Rxe4 31. Bxg7 Bxg7 32. f6 Kf8 33. Qxg7+ Ke8
34. Qg8+ Kd7 35. Qxf7+ Kd8 36. Qg8+ Kc7 37. Qxh7+ 1-0